000
00338 a2200157 4500
001
192722
020
_a
978-85-260-2337-6S
040
_c
Magnum
100
_a
Braga, Rubem
240
1
0
_a
Histórias de zig
_l
por
245
1
0
_a
Histórias de zig
300
_a
27
362
0
_a
2017
697
_a
LITERATURA INFANTO-JUVENIL
942
_c
BK
999
_c
192722
_d
192722